[Event "Heusenstamm Sparkassen op-B 6th"]
[Site "Heusenstamm"]
[Date "2019.11.24"]
[Round "7"]
[White "Bondarevsky, David"]
[Black "Carvelli, Nicolas"]
[Result "0-1"]
[WhiteElo "1403"]
[BlackElo "1459"]
[PlyCount "104"]
[EventDate "2019.11.21"]
[EventType "swiss"]
[EventRounds "7"]
[EventCountry "GER"]
[SourceTitle "CBM 194 Extra"]
[Source "ChessBase"]
[SourceDate "2020.03.31"]
[SourceVersion "1"]
[SourceVersionDate "2020.03.31"]
[SourceQuality "1"]

1. e4 e5 2. Nf3 Nc6 3. Bc4 h6 4. d4 exd4 5. Nxd4 Bc5 6. Nxc6 bxc6 7. Qf3 Qf6 8. Qxf6 Nxf6 9. Nc3 Bb4 10. Bd2 0-0 11. a3 Bxc3 12. Bxc3 Nxe4 13. 0-0 Nxc3 14. bxc3 d5 15. Bd3 Re8 16. Rfe1 Bd7 17. Rxe8+ Rxe8 18. Rb1 c5 19. c4 dxc4 20. Bxc4 Bc6 21. Bd3 a5 22. h3 Ra8 23. Kh2 g6 24. Re1 Re8 25. Rb1 Kg7 26. Bb5 Rb8 27. c4 Bd7 28. Rb3 c6 29. Ba4 Rxb3 30. Bxb3 Kf6 31. Kg3 Ke5 32. Kf3 Kd4 33. Kf4 g5+ 34. Kf3 f5 35. g4 f4 36. Ba4 Kxc4 37. Ke4 Kc3 38. Ke5 Kd3 39. Kd6 Be8 40. Kxc5 Ke2 41. Kb6 Kxf2 42. Kxa5 Kg2 43. Bd1 f3 44. Bxf3+ Kxf3 45. Kb6 Bg6 46. Kc5 Bc2 47. Kd4 Kg3 48. Kc3 Ba4 49. Kb4 Bd1 50. Kc5 Kxh3 51. Kxc6 Kxg4 52. a4 Bxa4+ 0-1

[Event "Heusenstamm Sparkassen op-B 6th"]
[Site "Heusenstamm"]
[Date "2019.11.24"]
[Round "6"]
[White "Carvelli, Nicolas"]
[Black "Andrianarison, Ny Koloina"]
[Result "0-1"]
[WhiteElo "1459"]
[BlackElo "1398"]
[PlyCount "49"]
[EventDate "2019.11.21"]
[EventType "swiss"]
[EventRounds "7"]
[EventCountry "GER"]
[SourceTitle "CBM 194 Extra"]
[Source "ChessBase"]
[SourceDate "2020.03.31"]
[SourceVersion "1"]
[SourceVersionDate "2020.03.31"]
[SourceQuality "1"]

1. d4 d5 2. c4 e5 3. dxe5 d4 4. Nf3 Nc6 5. b3 a5 6. Bb2 Bc5 7. g3 Nge7 8. Bg2 Ng6 9. 0-0 Ngxe5 10. Na3 Nxf3+ 11. Bxf3 Nb4 12. Nb5 0-0 13. a3 Na6 14. Nxd4 c6 15. Nc2 Bh3 16. Re1 Qb6 17. Nd4 Rad8 18. e3 Bf5 19. Re2 Bg6 20. Rd2 Rfe8 21. Be2 Be7 22. Bd3 c5 23. Bxg6 cxd4 24. Bxd4 Qxg6 25. Bb6 0-1

[Event "Heusenstamm Sparkassen op-B 6th"]
[Site "Heusenstamm"]
[Date "2019.11.22"]
[Round "3"]
[White "Kosak, Karolina"]
[Black "Carvelli, Nicolas"]
[Result "1-0"]
[WhiteElo "1207"]
[BlackElo "1459"]
[PlyCount "65"]
[EventDate "2019.11.21"]
[EventType "swiss"]
[EventRounds "7"]
[EventCountry "GER"]
[SourceTitle "CBM 194 Extra"]
[Source "ChessBase"]
[SourceDate "2020.03.31"]
[SourceVersion "1"]
[SourceVersionDate "2020.03.31"]
[SourceQuality "1"]

1. e4 c5 2. Nc3 d6 3. f4 Nc6 4. Nf3 e5 5. fxe5 dxe5 6. Bb5 Nge7 7. Nxe5 Bd7 8. Nxd7 Qxd7 9. d3 a6 10. Ba4 b5 11. Bb3 Qd4 12. Qe2 Ng6 13. Be3 Qe5 14. 0-0 Ra7 15. Qg4 Bd6 16. Qc8+ Nd8 17. g3 0-0 18. Qf5 b4 19. Qxe5 Bxe5 20. Na4 Bd4 21. Bxd4 cxd4 22. Nc5 a5 23. a3 Rc7 24. axb4 axb4 25. Ra5 Nc6 26. Ra2 Nce7 27. Na6 Rb7 28. Ra4 Ra8 29. Bxf7+ Kh8 30. Rfa1 b3 31. Bxb3 Rxb3 32. cxb3 Rxa6 33. Rxa6 1-0

[Event "Heusenstamm Sparkassen op-B 6th"]
[Site "Heusenstamm"]
[Date "2019.11.21"]
[Round "1"]
[White "Berkes, Joerg"]
[Black "Carvelli, Nicolas"]
[Result "1/2-1/2"]
[WhiteElo "1754"]
[BlackElo "1459"]
[PlyCount "64"]
[EventDate "2019.11.21"]
[EventType "swiss"]
[EventRounds "7"]
[EventCountry "GER"]
[SourceTitle "CBM 194 Extra"]
[Source "ChessBase"]
[SourceDate "2020.03.31"]
[SourceVersion "1"]
[SourceVersionDate "2020.03.31"]
[SourceQuality "1"]

1. Nf3 d5 2. g3 Nf6 3. Bg2 Bf5 4. Nh4 Bg6 5. d3 e6 6. 0-0 Nbd7 7. Nd2 Bc5 8. c3 0-0 9. d4 Bb6 10. Nxg6 hxg6 11. f4 c5 12. Nf3 cxd4 13. cxd4 Bc7 14. Qd3 Nb6 15. b3 Ne4 16. Ne5 Nd6 17. g4 Nd7 18. Rf3 Nxe5 19. fxe5 Nc8 20. Rh3 Ne7 21. Bg5 f6 22. exf6 gxf6 23. Bh4 Kf7 24. Rf1 f5 25. Bg5 Rh8 26. gxf5 gxf5 27. Rff3 Qg8 28. Rxh8 Qxh8 29. Rh3 Qg7 30. Qe3 Bb6 31. Qg3 Bxd4+ 32. e3 Bc5 1/2-1/2